书目信息 |
| 题名: |
物理学的方向
|
|
| 作者: | 狄拉克 著 ;张宜宗 , 郭应焕 译 | |
| 分册: | ||
| 出版信息: | 北京 科学出版社 1981 |
|
| 页数: | 90页 | |
| 开本: | 20cm | |
| 丛书名: | ||
| 单 册: | ||
| 中图分类: | O4-1 | |
| 科图分类: | ||
| 主题词: | 物理学--概况 , 物理学--现状 | |
| 电子资源: | ||
| ISBN: | ||
| 000 | 00698nam0 2200229 450 | |
| 001 | 0638265735 | |
| 005 | 20060421090544.95 | |
| 010 | @dCNY0.45 | |
| 100 | @a20060320d1981 km y0chiy0120 ea | |
| 101 | 0 | @achi@ceng |
| 102 | @aCN@b110000 | |
| 200 | 1 | @a物理学的方向@Awu li xue de fang xiang@f(英)P·A·M·狄拉克著@F(ying)P·A·M·di la ke zhu@g张宜宗,郭应焕译@Gzhang yi zong,guo ying huan yi |
| 210 | @a北京@c科学出版社@d1981 | |
| 215 | 1 | @a90页@d20cm |
| 606 | 0 | @a物理学@x概况 |
| 606 | 0 | @a物理学@x现状 |
| 690 | @aO4-1@v4 | |
| 701 | 0 | @a狄拉克@Adi la ke@4著 |
| 702 | 0 | @a张宜宗@Azhang yi zong@4译 |
| 702 | 0 | @a郭应焕@Aguo ying huan@4译 |
| 801 | 0 | @aCN@bPFT@c20060421 |
| 905 | @a10447@dO4-1@e97 | |
| 物理学的方向/(英)P·A·M·狄拉克著/张宜宗,郭应焕译.-北京:科学出版社,1981 |
| 90页;20cm |
| ISBN :CNY0.45 |
| ● |
| 相关链接 |
|
|
|
|
正题名:物理学的方向
索取号:O4-1/97
 
预约/预借
| 序号 | 登录号 | 条形码 | 馆藏地/架位号 | 状态 | 备注 |
| 1 | 0042002 | 202216672 | 密集书库/ [索取号:O4-1/97] | 在馆 | |
| 2 | 0042003 | 202216716 | 密集书库/ [索取号:O4-1/97] | 在馆 | |
| 3 | 0042004 | 202216663 | 密集书库/ [索取号:O4-1/97] | 在馆 | |
| 4 | 0042005 | 202216627 | 密集书库/ [索取号:O4-1/97] | 在馆 | |
| 5 | 0042006 | 202277008 | 密集书库/ [索取号:O4-1/97] | 在馆 |